000 00709nam a2200217Ia 4500
005 20260429112317.0
008 260429s9999||||xx |||||||||||||| ||und||
020 _a9789349557406
041 _aEnglish
082 _a954
_bJAC
100 _aJackson, A. V. Williams
245 0 _aHistory of India :
_bfrom the first European settlements to the founding of the English east India company, Vol. 6 /
_cA. V. Williams Jackson
250 _a1st ed.
260 _aNew Delhi :
_bB.R. Publishing Corporation,
_c2024.
300 _axxv, 325 p.; hb
440 _vVol. 6
650 _a East India Company
650 _aIndia-History-European settlements
700 _a Hunter, William Wilson Sir
942 _cTB
999 _c53423
_d53423